Geschichte Ägyptens : von der Spätantike bis zur Gegenwart /

محفوظ في:

المؤلف الرئيسي: Pink, Johanna (مؤلف)

التنسيق: كتاب

اللغة: German

منشور في: München : C.H. Beck, [2014].

الطبعة: Originalausgabe.

سلاسل: Beck'sche Reihe ; 6163.

الموضوعات:

الوسوم: إضافة وسم

لا توجد وسوم, كن أول من يضع وسما على هذه التسجيلة!

رقم الطلب: DT77 .P56

LEADER 00808nam a22002657a 4500
003 OSt
005 20260210083534.0
008 260210t2014 gw ab bd 001 0 ger d
010 |a 2014494146 
020 |a 9783406667138 
040 |c ARCE Library 
043 |a f-ua--- 
050 1 4 |a DT77  |b .P56 
100 1 |a Pink, Johanna,  |e author  |9 37664 
245 1 0 |a Geschichte Ägyptens :   |b von der Spätantike bis zur Gegenwart /   |c Johanna Pink. 
250 |a Originalausgabe. 
264 1 |a München :   |b C.H. Beck,   |c [2014]. 
300 |a 303 pages :   |b illustrations, maps ;   |c 20 cm. 
490 1 |a Beck'sche Reihe ;   |v 6163. 
504 |a Includes bibliographical references and indexes. 
651 0 |a Egypt  |x History. 
830 0 |a Beck'sche Reihe ;   |v 6163. 
901 |a reviewed 
942 |c BK  |2 lcc 
999 |c 28004  |d 28004